000 01382nam a22002657a 4500
003 Uzh_bibl
008 260325b |||||||| |||| 00| 0 ukr d
020 _a978-966-97977-7
_c250.00
040 _bукр.
041 _2ukr
_aukr
080 _a821(477)741.5
090 _a821(477)741.5
_bД 94
100 _aДьоміна,Анна
245 _aАкадемія духів природи. Болібошка
_cхудож.А.Тук
_hТекст
260 _aГайсин
_bВидавництво "ТУТ"
_c2022
300 _a56 с.
_bіл.
_fВ опр.
490 _aСерія"Комікси"
_vТ.1
520 _aЛісовики Лесь і Віка складають іспит в Академії Духів Природи. Їхнє завдання перетворюється на містичний детектив із пошуком шкідника в лісах Сумщини. На читачів чекають жарти, пригоди, а також цікавинки української історії і міфології
521 _aДля молодшого шкільного віку
546 _aукр.
650 _aЛітературно-художне видання
653 _aМіфологія
_aДухи природи
_aПригоди
655 _aМістичний детектив
_vкомікси
942 _2udc
_cBK
999 _c17184
_d17184